000 00404nam a22001937a 4500
003 UA-OsUOA
001 4494
007 ta
008 20050721b un ||||| |||| 00| 0 ukr d
100 _aBraune
700 _aW.
700 _aEbbinghaus
700 _aE. A.
942 _cBK
040 _aUA-OsUOA
_cUA-OsUOA
_dUA-OsUOA
245 _aAlthochdeutsches Lesebuch.
_bGerman
955 _a2
650 7 _2UDC
999 _c290656
_d290656